| 000 | 00798nam a2200229Ii 4500 | ||
|---|---|---|---|
| 003 | JO-AjNU | ||
| 008 | 230605s9999||||xx |||||||||||||| ||und|| | ||
| 017 | _a2147/6/2010 | ||
| 020 | _a978-9957-81-103-7 | ||
| 040 |
_aJO-AjNU _bara _erda _cJO-AjNU |
||
| 041 | _aara | ||
| 050 | 1 | 4 | _aHF5635.D34.2011 |
| 100 | 3 |
_aمجموعة المجرة الدولية, _eauthor _964146 |
|
| 245 | 0 | 0 | _aدليل تطبيقات الحاسوب في المحاسبة: نظام المحاسبة الشامل الاصدار PLUS 4.5 |
| 250 | _aط1 | ||
| 264 | 3 | 1 | _aعمان: دار جليس الزمان، 2011 |
| 300 | _a196ص | ||
| 336 |
_atext _btxt _2rdacontent |
||
| 337 |
_aunmediated _bn _2rdamedia |
||
| 338 |
_avolume _bnc _2rdacarrier |
||
| 650 | 4 |
_aالمحاسبة-معالجة البيانات _964147 |
|
| 999 |
_aA29134 _c32702 _d32702 |
||